Top 20 des pays les plus grands d'Afrique - Statistiques

Statistiques générales
  • Ce quiz a été pris 267 fois
    108 depuis la dernière actualisation
  • Le résultat moyen est 15 sur 20
Statistiques - réponses
Rang Pays % Correct
1- Algérie
98%
2- République Démocratique du Congo
97%
8- Afrique du Sud
93%
11- Égypte
91%
7- Mali
87%
5- Niger
85%
18- Maroc
84%
14- Soudan
83%
3- Libye
79%
4- Tchad
75%
13- Nigeria
73%
10- Mauritanie
71%
9- Éthiopie
70%
6- Angola
67%
15- Namibie
64%
12- Tanzanie
60%
17- Zambie
57%
19- Somalie
56%
16- Mozambique
54%
20- République Centrafricaine
49%
Aucun quiz correspondant
Distribution des résultats
% des personnes avec chaque résultat
Percentile par nombre de réponses
Votre historique - résultats
Vous n’avez pas pris ce quiz depuis la dernière actualisation